[Event "GER-chT Lands U20"]
[Site "Wuerzburg"]
[Date "2019.10.02"]
[Round "1.9"]
[White "Schulz, Hannah"]
[Black "Faerber, Sophie"]
[Result "1-0"]
[WhiteElo "1554"]
[BlackElo "1414"]
[PlyCount "55"]
[EventDate "2019.10.01"]
[EventType "team-swiss"]
[EventRounds "7"]
[EventCountry "GER"]
[SourceTitle "EXT 2020"]
[Source "ChessBase"]
[SourceDate "2019.10.17"]
[SourceVersion "1"]
[SourceVersionDate "2019.10.17"]
[SourceQuality "1"]
[WhiteTeam "Baden"]
[BlackTeam "Baden II"]
[WhiteTeamCountry "GER"]
[BlackTeamCountry "GER"]

1. e4 e5 2. Nf3 Nc6 3. Bc4 Bc5 4. 0-0 Nge7 5. Re1 0-0 6. c3 d5 7. exd5 Nxd5 8. Nxe5 Nxe5 9. Rxe5 Bxf2+ 10. Kh1 Nb6 11. Bb3 Qf6 12. d4 h6 13. Nd2 Bf5 14. Qf3 Bg6 15. Qxf6 gxf6 16. Re2 Bh4 17. Nf3 Bg5 18. Re7 Bxc1 19. Rxc1 Rfc8 20. Nh4 Bh5 21. g4 Kf8 22. Rce1 Bg6 23. Nxg6+ fxg6 24. Rf7+ Kg8 25. Ree7 c6 26. Rg7+ Kf8 27. Ref7+ Ke8 28. Rg8# 1-0

[Event "GER-ch U25-C"]
[Site "Willingen"]
[Date "2019.06.09"]
[Round "2"]
[White "Faerber, Sophie"]
[Black "Mylke, Sandy Michelle"]
[Result "0-1"]
[WhiteElo "1409"]
[BlackElo "1238"]
[PlyCount "64"]
[EventDate "2019.06.08"]
[EventType "swiss"]
[EventRounds "9"]
[EventCountry "GER"]
[SourceTitle "CBM 191 Extra"]
[Source "ChessBase"]
[SourceDate "2019.09.30"]
[SourceVersion "1"]
[SourceVersionDate "2019.09.30"]
[SourceQuality "1"]

1. e4 e5 2. Nf3 Nc6 3. Bc4 Bc5 4. c3 Nf6 5. d3 d5 6. exd5 Nxd5 7. 0-0 0-0 8. h3 Bf5 9. Bb3 Qd6 10. Re1 Rad8 11. Nxe5 Bxf2+ 12. Kxf2 Nxe5 13. Kg1 Nxd3 14. Rf1 Qb6+ 15. Kh2 Be4 16. Nd2 Ne3 17. Nc4 Nxf1+ 18. Qxf1 Qg6 19. Ne3 Rd6 20. a4 Rf6 21. Qg1 Rf2 22. Bc4 Qd6+ 23. Kh1 Qg3 24. Bxd3 Bxg2+ 25. Nxg2 Qxh3+ 26. Qh2 Qxd3 27. Bf4 Re8 28. Rg1 Ree2 29. Bg3 Rf3 30. Qh3 h6 31. Nf4 Rxf4 32. Qc8+ Kh7 0-1

[Event "GER-ch U25-C"]
[Site "Willingen"]
[Date "2019.06.09"]
[Round "1"]
[White "Laux, Filip"]
[Black "Faerber, Sophie"]
[Result "0-1"]
[WhiteElo "1155"]
[BlackElo "1409"]
[PlyCount "124"]
[EventDate "2019.06.08"]
[EventType "swiss"]
[EventRounds "9"]
[EventCountry "GER"]
[SourceTitle "CBM 191 Extra"]
[Source "ChessBase"]
[SourceDate "2019.09.30"]
[SourceVersion "1"]
[SourceVersionDate "2019.09.30"]
[SourceQuality "1"]

1. e4 e5 2. Nf3 Nc6 3. Bc4 Bc5 4. c3 Nf6 5. d3 d6 6. Nbd2 a6 7. Bb3 0-0 8. 0-0 Ba7 9. Re1 Re8 10. Nf1 Ne7 11. Ng3 Ng6 12. d4 exd4 13. cxd4 Bg4 14. d5 Ne5 15. Bf4 Bxf3 16. gxf3 Ng6 17. Qd2 h6 18. Nf5 Nxf4 19. Qxf4 Nh7 20. Qg3 Qg5 21. Qxg5 Nxg5 22. Kg2 Kh7 23. Bc2 g6 24. Ng3 f6 25. f4 Nf7 26. f5 gxf5 27. Nxf5 Rg8+ 28. Kh1 Ne5 29. f4 Ng6 30. Rf1 Rae8 31. Bd3 Ne7 32. Ng3 Kh8 33. Rac1 Rc8 34. Nh5 Ng6 35. Nxf6 Rgf8 36. Nh5 Be3 37. Rce1 Bxf4 38. Nxf4 Nxf4 39. Bc2 Ng6 40. Rg1 Ne5 41. Rg3 Rf2 42. Rg2 Rcf8 43. Bb3 Nd3 44. Rb1 Rf1+ 45. Rg1 Nf2+ 46. Kg2 Rxg1+ 47. Rxg1 Nxe4 48. Re1 Rg8+ 49. Kf1 Nd2+ 50. Ke2 Nxb3 51. axb3 Re8+ 52. Kd2 Rxe1 53. Kxe1 Kg7 54. Kf2 Kf6 55. Kf3 Kf5 56. h3 Ke5 57. Kg4 Kxd5 58. Kh5 Ke5 59. Kxh6 d5 60. Kg5 d4 61. h4 d3 62. h5 d2 0-1

[Event "Baden-ch U1400"]
[Site "Walldorf"]
[Date "2017.07.27"]
[Round "2"]
[White "Faerber, Sophie"]
[Black "Steimle, Markus"]
[Result "1-0"]
[WhiteElo "1072"]
[BlackElo "1363"]
[PlyCount "59"]
[EventDate "2017.07.26"]
[EventType "swiss"]
[EventRounds "7"]
[EventCountry "GER"]
[SourceTitle "EXT 2018"]
[Source "ChessBase"]
[SourceDate "2017.10.13"]
[SourceVersion "1"]
[SourceVersionDate "2017.10.13"]
[SourceQuality "1"]

1. e4 e6 2. d4 d5 3. Nc3 Nf6 4. e5 Nfd7 5. Nf3 c5 6. Bb5 a6 7. Bxd7+ Bxd7 8. Bg5 Qb6 9. Rb1 Nc6 10. Be3 cxd4 11. Nxd4 Bc5 12. Nce2 Nxe5 13. a3 Qc7 14. Bf4 Bd6 15. 0-0 0-0 16. Ng3 Ng6 17. Bxd6 Qxd6 18. Re1 Rac8 19. Nf3 h6 20. Qd4 Rxc2 21. Nh5 f6 22. Qd3 Qc7 23. Qxg6 Be8 24. Nxf6+ Rxf6 25. Qxe8+ Kh7 26. Qh5 Rf5 27. Qg4 Rc4 28. Qg3 Qc6 29. Ne5 Rxe5 30. Qxe5 1-0

[Event "GER-ch U25-B"]
[Site "Willingen"]
[Date "2016.05.21"]
[Round "9"]
[White "Kail, Oliver"]
[Black "Faerber, Sophie"]
[Result "0-1"]
[WhiteElo "915"]
[BlackElo "860"]
[PlyCount "98"]
[EventDate "2016.05.15"]
[EventType "swiss"]
[EventRounds "9"]
[EventCountry "GER"]
[SourceTitle "CBM 172 Extra"]
[Source "ChessBase"]
[SourceDate "2016.06.21"]
[SourceVersion "1"]
[SourceVersionDate "2016.06.21"]
[SourceQuality "1"]

1. e4 e5 2. Nf3 Nc6 3. Nc3 Nf6 4. Bb5 d6 5. d3 Bd7 6. Nd5 Be7 7. Bg5 a6 8. Bxc6 Bxc6 9. Nxe7 Qxe7 10. Bxf6 Qxf6 11. Qd2 0-0 12. 0-0 d5 13. Qe3 d4 14. Qd2 Rfe8 15. c3 dxc3 16. bxc3 b5 17. Rfe1 Rad8 18. d4 exd4 19. cxd4 Bxe4 20. Rac1 c6 21. Ng5 Rxd4 22. Qe3 h6 23. Nxe4 Rdxe4 24. Qd3 Rxe1+ 25. Rxe1 Rxe1+ 26. Qf1 Rxf1+ 27. Kxf1 Qd6 28. g3 c5 29. Kg2 c4 30. Kg1 c3 31. Kg2 c2 32. Kg1 c1R+ 33. Kg2 Qd2 34. a3 Qd5+ 35. Kh3 Qf3 36. Kh4 Qxf2 37. a4 Qxh2+ 38. Kg4 h5+ 39. Kf4 bxa4 40. Kf3 Rc3+ 41. Kf4 Qxg3+ 42. Kf5 Qg6+ 43. Ke5 Rc5+ 44. Kf4 Qg4+ 45. Ke3 Rc3+ 46. Kd2 Ra3 47. Kc2 Qg2+ 48. Kb1 Rf3 49. Kc1 Rf1# 0-1